[Event "Junior Online 4NCL Division 3"]
[Site "online"]
[Date "2021.02.18"]
[EventDate "2021.02.18"]
[Round "3.136"]
[White "Wang, Xiling"]
[WhiteElo "894"]
[WhiteTeam "Harrow Juniors F"]
[Black "Hanache, Kai"]
[BlackElo "1371"]
[BlackTeam "JHJ Shark Tank 3"]
[Result "0-1"]
[PlyCount "94"]

1. e4 c6 2. Nf3 d5 3. Nc3 dxe4 4. Nxe4 Nf6 5. Nxf6+ exf6 6. Qe2+ Be7 7. Qd1 O-O 8. Bd3 Bg4 9. O-O Nd7 10. Qe1 Bxf3 11. gxf3 Ne5 12. Qe4 Nxd3 13. Qxd3 Qxd3 14. cxd3 Rfd8 15. Re1 Bc5 16. b3 Rxd3 17. Bb2 Rxd2 18. Bc3 Rc2 19. Rec1 Rxf2 20. Kh1 Re8 21. Re1 Rxe1+ 22. Rxe1 Kf8 23. b4 Bb6 24. b5 c5 25. a4 Rxf3 26. a5 Rxc3 27. axb6 axb6 28. Ra1 Re3 29. Ra8+ Re8 30. Ra4 Ke7 31. Re4+ Kd7 32. Rc4 Kd6 33. Kg2 Kd5 34. Rf4 Re4 35. Kf3 Rxf4+ 36. Kxf4 Kd4 37. Kf3 Kd3 38. Kf2 Kd2 39. Kf3 c4 40. h4 c3 41. Kg4 c2 42. h5 c1=Q 43. Kf5 Ke3 44. h6 Qc5+ 45. Kg4 Qg5+ 46. Kh3 Kf2 47. Kh2 Qg2# 0-1

[Event "Junior Online 4NCL Division 3"]
[Site "online"]
[Date "2021.02.18"]
[EventDate "2021.02.18"]
[Round "3.137"]
[White "Vashisht-Pigem, Raman"]
[WhiteElo "1405"]
[WhiteTeam "JHJ Shark Tank 3"]
[Black "Patel-Davis, Riyan"]
[BlackElo "876"]
[BlackTeam "Harrow Juniors F"]
[Result "1-0"]
[PlyCount "31"]

1. e4 e5 2. Nf3 Nc6 3. Bc4 Bc5 4. c3 Nf6 5. d4 Na5 6. Bxf7+ Kxf7 7. dxc5 Re8 8. b4 Nc4 9. O-O Nxe4 10. Qd5+ Kf8 11. Qxe4 d5 12. Qxh7 e4 13. Nd4 Qg5 14. Bxg5 a5 15. Nf5 Ra6 16. Qxg7# 1-0

[Event "Junior Online 4NCL Division 3"]
[Site "online"]
[Date "2021.02.18"]
[EventDate "2021.02.18"]
[Round "3.138"]
[White "Horwood, Alexander"]
[WhiteElo "640"]
[WhiteTeam "Harrow Juniors F"]
[Black "Yu, Rock"]
[BlackElo "1450"]
[BlackTeam "JHJ Shark Tank 3"]
[Result "0-1"]
[PlyCount "82"]

1. e4 e6 2. Nf3 d5 3. exd5 exd5 4. d4 Bd6 5. Nc3 Nf6 6. Bg5 c6 7. Bd3 h6 8. Qe2+ Be6 9. Bxf6 Qxf6 10. O-O-O Nd7 11. Rhe1 a5 12. Nh4 Qxh4 13. g3 Qg5+ 14. Qd2 Qxd2+ 15. Rxd2 O-O 16. Bf5 Bxf5 17. Rde2 b5 18. Re3 a4 19. b3 axb3 20. cxb3 Nf6 21. a4 bxa4 22. bxa4 Bb4 23. R1e2 c5 24. Nxd5 Nxd5 25. Rf3 Bg4 26. Rb3 Bxe2 27. dxc5 Bxc5 28. Kd2 Bc4 29. Rc3 Nxc3 30. Kxc3 Be6 31. Kd3 Rxa4 32. Kc3 Bxf2 33. Kd2 Bg1 34. Ke2 Bxh2 35. Kf2 Ra3 36. Kg2 Bxg3 37. Kg1 Ra2 38. Kf1 h5 39. Kg1 h4 40. Kh1 Rb8 41. Kg1 Rb1# 0-1

[Event "Junior Online 4NCL Division 3"]
[Site "online"]
[Date "2021.02.18"]
[EventDate "2021.02.18"]
[Round "3.141"]
[White "Das, Devorshi"]
[WhiteElo "1174"]
[WhiteTeam "Uxbridge Juniors Berzerkers"]
[Black "Abraham, Leo"]
[BlackElo "1076"]
[BlackTeam "Leicestershire Juniors 3"]
[Result "1/2-1/2"]
[PlyCount "143"]

1. e4 e5 2. Bc4 Nf6 3. Nc3 Nc6 4. d3 Bc5 5. Be3 Nd4 6. Bxd4 Bxd4 7. Nf3 Bxc3+ 8. bxc3 d6 9. O-O O-O 10. Re1 Re8 11. Ng5 Be6 12. Nxe6 fxe6 13. Qf3 d5 14. exd5 exd5 15. Bb3 Qd7 16. c4 c6 17. cxd5 cxd5 18. c4 Rad8 19. cxd5 Nxd5 20. Bxd5+ Qxd5 21. Qxd5+ Rxd5 22. Red1 Red8 23. h3 Rxd3 24. Rxd3 Rxd3 25. Re1 Rd5 26. Rb1 b6 27. Rc1 Rc5 28. Rd1 Rc8 29. Rd7 a5 30. Re7 Rc2 31. Rxe5 Rxa2 32. Rb5 a4 33. Rxb6 a3 34. Ra6 Kf7 35. Kf1 g6 36. f3 Kg7 37. g4 Kh6 38. Ra5 Rh2 39. Rxa3 Rxh3 40. Kg2 Rh4 41. Kg3 Rh1 42. Ra2 Rg1+ 43. Kf4 Rf1 44. Rh2+ Kg7 45. Rh3 Kf6 46. g5+ Kg7 47. Ke5 Rg1 48. f4 Rg4 49. Rf3 h6 50. gxh6+ Kxh6 51. f5 gxf5 52. Rxf5 Ra4 53. Rf6+ Kg5 54. Rf5+ Kg4 55. Rf6 Ra5+ 56. Ke6 Ra6+ 57. Kf7 Ra7+ 58. Kg6 Ra8 59. Kh7 Kg5 60. Rg6+ Kf5 61. Rg7 Kf6 62. Rg6+ Kf5 63. Rg8 Ra7+ 64. Rg7 Ra2 65. Rf7+ Ke6 66. Rg7 Rh2+ 67. Kg8 Kf6 68. Rf7+ Ke6 69. Rg7 Ra2 70. Rg6+ Kf5 71. Rg7 Ra8+ 72. Kh7 1/2-1/2

[Event "Junior Online 4NCL Division 3"]
[Site "online"]
[Date "2021.02.18"]
[EventDate "2021.02.18"]
[Round "3.142"]
[White "Hilmi, Sofia"]
[WhiteElo "1148"]
[WhiteTeam "Leicestershire Juniors 3"]
[Black "Dhir, Jai Alexander"]
[BlackElo "1072"]
[BlackTeam "Uxbridge Juniors Berzerkers"]
[Result "1-0"]
[PlyCount "77"]

1. e4 e5 2. Nf3 Nc6 3. Nc3 Bb4 4. Bb5 Nge7 5. d3 Bxc3+ 6. bxc3 O-O 7. Bg5 a6 8. Bxc6 bxc6 9. O-O d6 10. Rb1 Bd7 11. c4 Re8 12. Qd2 Qc8 13. Rb3 f6 14. Bh4 Be6 15. Rfb1 d5 16. cxd5 cxd5 17. exd5 Bxd5 18. R3b2 Bxf3 19. gxf3 Nf5 20. Bg3 Nd4 21. Qe3 c5 22. Qe4 a5 23. Qd5+ Kh8 24. Kh1 Rd8 25. Qf7 Rf8 26. Qe7 Nf5 27. Qb7 Qxb7 28. Rxb7 Nd6 29. Rd7 Nf5 30. Rb5 Nd4 31. Rxc5 Rfd8 32. Rf7 Kg8 33. Rcc7 Nb5 34. Rxg7+ Kf8 35. Rcf7+ Ke8 36. Rxh7 Nd6 37. Rxf6 Rab8 38. Rg6 Rb7 39. Rg8# 1-0

[Event "Junior Online 4NCL Division 3"]
[Site "online"]
[Date "2021.02.18"]
[EventDate "2021.02.18"]
[Round "3.143"]
[White "Mangalagiri, Pranav"]
[WhiteElo "1103"]
[WhiteTeam "Uxbridge Juniors Berzerkers"]
[Black "Dissanayake, Sathsara"]
[BlackElo "991"]
[BlackTeam "Leicestershire Juniors 3"]
[Result "1-0"]
[PlyCount "29"]

1. e4 e5 2. Nf3 f6 3. Nc3 Nc6 4. Bc4 Nd4 5. O-O Nxf3+ 6. Qxf3 Nh6 7. d3 Bc5 8. Bxh6 gxh6 9. Qh5+ Ke7 10. Qf7+ Kd6 11. Nb5+ Kc6 12. Qd5+ Kb6 13. a4 Qe7 14. a5+ Ka6 15. Nxc7# 1-0

[Event "Junior Online 4NCL Division 3"]
[Site "online"]
[Date "2021.02.18"]
[EventDate "2021.02.18"]
[Round "3.144"]
[White "Ahmad, Amelia"]
[WhiteElo "886"]
[WhiteTeam "Leicestershire Juniors 3"]
[Black "Palampathi, Sanjit"]
[BlackElo "1088"]
[BlackTeam "Uxbridge Juniors Berzerkers"]
[Result "1-0"]
[PlyCount "37"]

1. e4 e5 2. Nf3 Nc6 3. Bc4 Be7 4. O-O Nf6 5. Nc3 O-O 6. Ng5 Nd4 7. Nxf7 Rxf7 8. Bxf7+ Kxf7 9. Nd5 Nxd5 10. exd5 e4 11. Qh5+ g6 12. Qxh7+ Kf6 13. Qh4+ Ke5 14. f4+ Kxd5 15. c4+ Kxc4 16. b3+ Kd3 17. Qh3+ e3 18. Qxe3+ Kc2 19. Qc3# 1-0

[Event "Junior Online 4NCL Division 3"]
[Site "online"]
[Date "2021.02.18"]
[EventDate "2021.02.18"]
[Round "3.145"]
[White "Abraham, Leo"]
[WhiteElo "1076"]
[WhiteTeam "Leicestershire Juniors 3"]
[Black "Das, Devorshi"]
[BlackElo "1174"]
[BlackTeam "Uxbridge Juniors Berzerkers"]
[Result "1-0"]
[PlyCount "87"]

1. e4 e5 2. Nf3 Nc6 3. Bc4 Be7 4. Nc3 Nf6 5. O-O O-O 6. d3 d6 7. h3 h6 8. a3 Be6 9. Nd5 Bxd5 10. Bxd5 Rb8 11. Ba2 Nd4 12. Nxd4 exd4 13. Qf3 c6 14. Qg3 Nh5 15. Qg4 Nf6 16. Qg3 Nh5 17. Qf3 Nf6 18. Re1 d5 19. exd5 cxd5 20. Bf4 Bd6 21. Bb3 Bxf4 22. Qxf4 Qd7 23. Re2 Rfe8 24. Rae1 a6 25. Qxd4 Rxe2 26. Rxe2 Re8 27. Re3 b5 28. a4 bxa4 29. Bxa4 Qd6 30. Bxe8 Nxe8 31. Rxe8+ Kh7 32. Re5 f6 33. Rxd5 Qe6 34. Qe4+ Qxe4 35. dxe4 Kg8 36. Ra5 Kf7 37. Rxa6 Ke7 38. Rc6 Kd7 39. Rc3 Kd6 40. b4 Ke5 41. b5 Kxe4 42. b6 Kd5 43. b7 Kd4 44. Rc8 1-0

[Event "Junior Online 4NCL Division 3"]
[Site "online"]
[Date "2021.02.18"]
[EventDate "2021.02.18"]
[Round "3.146"]
[White "Dhir, Jai Alexander"]
[WhiteElo "1072"]
[WhiteTeam "Uxbridge Juniors Berzerkers"]
[Black "Hilmi, Sofia"]
[BlackElo "1148"]
[BlackTeam "Leicestershire Juniors 3"]
[Result "0-1"]
[PlyCount "68"]

1. e4 e5 2. Nf3 Nc6 3. d4 d6 4. d5 Nce7 5. Be2 Nf6 6. Nc3 Bg4 7. O-O Ng6 8. Bg5 Be7 9. Bxf6 Bxf6 10. Bb5+ Bd7 11. Be2 O-O 12. a3 Re8 13. Re1 Nf4 14. Bc4 Bh4 15. g3 Nh3+ 16. Kf1 Bf6 17. Re2 Bg4 18. Rd2 Ng5 19. Nxg5 Bxd1 20. Rdxd1 Bxg5 21. Bb5 Re7 22. h4 Bf6 23. b3 Rc8 24. Na4 c6 25. Be2 b5 26. Nb2 Qd7 27. c4 Qh3+ 28. Kg1 cxd5 29. cxd5 Rec7 30. Bxb5 Rc2 31. Nd3 Qg4 32. Nb4 Qf3 33. Bc6 Qxf2+ 34. Kh1 Qh2# 0-1

[Event "Junior Online 4NCL Division 3"]
[Site "online"]
[Date "2021.02.18"]
[EventDate "2021.02.18"]
[Round "3.147"]
[White "Dissanayake, Sathsara"]
[WhiteElo "991"]
[WhiteTeam "Leicestershire Juniors 3"]
[Black "Mangalagiri, Pranav"]
[BlackElo "1103"]
[BlackTeam "Uxbridge Juniors Berzerkers"]
[Result "0-1"]
[PlyCount "24"]

1. e4 c5 2. d3 Nc6 3. Nf3 e6 4. Be3 d5 5. exd5 exd5 6. Bg5 f6 7. Qe2+ Nge7 8. Bf4 Qb6 9. Nc3 Qxb2 10. Nxd5 Qxa1+ 11. Kd2 Qxa2 12. Bd6 Qxd5 0-1

[Event "Junior Online 4NCL Division 3"]
[Site "online"]
[Date "2021.02.18"]
[EventDate "2021.02.18"]
[Round "3.148"]
[White "Palampathi, Sanjit"]
[WhiteElo "1088"]
[WhiteTeam "Uxbridge Juniors Berzerkers"]
[Black "Ahmad, Amelia"]
[BlackElo "886"]
[BlackTeam "Leicestershire Juniors 3"]
[Result "1-0"]
[PlyCount "67"]

1. e4 e5 2. Nf3 Nc6 3. Bc4 Bc5 4. O-O Nh6 5. Nc3 Ng4 6. Qe2 Bxf2+ 7. Rxf2 Nxf2 8. Qxf2 O-O 9. d4 exd4 10. Nxd4 Na5 11. b3 c5 12. Nf5 d5 13. exd5 Bxf5 14. Qxf5 Nxc4 15. bxc4 Re8 16. Ba3 Qa5 17. Nb5 Re1+ 18. Rxe1 Qxe1+ 19. Qf1 Qe3+ 20. Qf2 Qg5 21. Bxc5 Re8 22. h4 Qc1+ 23. Kh2 Re1 24. d6 Rh1+ 25. Kg3 Qh6 26. h5 Rxh5 27. d7 Rg5+ 28. Kf3 Rf5+ 29. Ke2 Qh5+ 30. Kd3 Qd1+ 31. Qd2 Qf1+ 32. Qe2 Qxe2+ 33. Kxe2 Rxc5 34. d8=Q# 1-0

[Event "Junior Online 4NCL Division 3"]
[Site "online"]
[Date "2021.02.18"]
[EventDate "2021.02.18"]
[Round "3.151"]
[White "Smith, Ryan S"]
[WhiteElo "1769"]
[WhiteTeam "KEGS A"]
[Black "Antonopoulos, Chris"]
[BlackElo "1353"]
[BlackTeam "Brentwood School B"]
[Result "1-0"]
[PlyCount "91"]

1. d4 Nf6 2. Nf3 e6 3. g3 d5 4. Bg2 c6 5. O-O Bd6 6. b3 O-O 7. c4 Re8 8. Bb2 Bd7 9. Nbd2 c5 10. cxd5 exd5 11. dxc5 Bxc5 12. Rc1 Bb6 13. Nd4 Bxd4 14. Bxd4 Bb5 15. Re1 Nc6 16. Bxf6 Qxf6 17. Bxd5 Qe5 18. e4 Rad8 19. Nc4 Qe7 20. a4 Bxc4 21. bxc4 Nb4 22. Qb3 Nxd5 23. cxd5 Qd7 24. Qb5 Qxb5 25. axb5 Rd6 26. f3 Rb6 27. Rc5 h6 28. Rec1 Kh7 29. Kf2 a6 30. bxa6 bxa6 31. Rc6 Rb2+ 32. R1c2 Rxc2+ 33. Rxc2 Kg6 34. Rc6+ f6 35. Rxa6 Kf7 36. Ra7+ Kg6 37. Ke3 f5 38. Kd4 fxe4 39. fxe4 Kf6 40. d6 Rd8 41. e5+ Kg6 42. Kd5 Kf5 43. e6 Kf6 44. e7 Re8 45. d7 Rxe7 46. d8=Q 1-0

[Event "Junior Online 4NCL Division 3"]
[Site "online"]
[Date "2021.02.18"]
[EventDate "2021.02.18"]
[Round "3.152"]
[White "Kriel, Daniel"]
[WhiteElo "1017"]
[WhiteTeam "Brentwood School B"]
[Black "Siddharth, Lakshan"]
[BlackElo "1579"]
[BlackTeam "KEGS A"]
[Result "0-1"]
[PlyCount "38"]

1. e4 Nf6 2. Nc3 d5 3. exd5 Nxd5 4. Nxd5 Qxd5 5. d4 Nc6 6. Nf3 Bg4 7. c3 Rd8 8. Be3 Bxf3 9. gxf3 e5 10. f4 Qxh1 11. Qd3 exd4 12. Bxd4 Nxd4 13. cxd4 Bb4+ 14. Ke2 O-O 15. a3 Rfe8+ 16. Kd1 Re1+ 17. Kc2 Rxa1 18. axb4 Qxf1 19. Qc3 Qd1# 0-1

[Event "Junior Online 4NCL Division 3"]
[Site "online"]
[Date "2021.02.18"]
[EventDate "2021.02.18"]
[Round "3.153"]
[White "Caves, Fraser"]
[WhiteElo "1471"]
[WhiteTeam "KEGS A"]
[Black "Cheema, Dilsher"]
[BlackElo "936"]
[BlackTeam "Brentwood School B"]
[Result "1-0"]
[PlyCount "119"]

1. e4 e5 2. f4 exf4 3. Nf3 g5 4. Bc4 h6 5. Nc3 d6 6. d4 Bg7 7. O-O Nc6 8. h4 Bg4 9. hxg5 Bxd4+ 10. Rf2 Bxf3 11. Qxf3 Qxg5 12. Bxf4 Bxf2+ 13. Qxf2 Qc5 14. Qxc5 dxc5 15. Bxc7 Nf6 16. Rf1 Ng4 17. Bxf7+ Kd7 18. Bg3 Rhf8 19. Rd1+ Nd4 20. Bc4 Ne3 21. Bb5+ Ke6 22. Re1 Nexc2 23. Bc4+ Kd7 24. Rf1 Rxf1+ 25. Kxf1 Rf8+ 26. Kg1 Ne2+ 27. Nxe2 Re8 28. Bb5+ Kd8 29. Bxe8 Kxe8 30. Nc3 b6 31. Kf2 Nd4 32. Ke3 Ne6 33. Bf4 h5 34. Nd5 Kd7 35. Nf6+ Ke7 36. Nxh5 Kf7 37. g4 Kg6 38. e5 a5 39. Ng3 b5 40. Nf5 b4 41. Nd6 a4 42. Ke4 a3 43. b3 Kg7 44. Bc1 Kg6 45. Nb5 Ng7 46. Kd5 Kh7 47. Kxc5 Kg6 48. Kxb4 Kf7 49. Bxa3 Ke6 50. Kc5 Kxe5 51. Kc6 Kf4 52. Bf8 Ne6 53. Bd6+ Kxg4 54. a4 Kf5 55. a5 Kf6 56. Bc7 Ke7 57. a6 Nxc7 58. Kxc7 Ke6 59. a7 Kd5 60. a8=Q+ 1-0

[Event "Junior Online 4NCL Division 3"]
[Site "online"]
[Date "2021.02.18"]
[EventDate "2021.02.18"]
[Round "3.154"]
[White "Coppell, Gracie"]
[WhiteElo "857"]
[WhiteTeam "Brentwood School B"]
[Black "Arun Jacob, Nigel A"]
[BlackElo "1455"]
[BlackTeam "KEGS A"]
[Result "1-0"]
[PlyCount "52"]

1. e4 c5 2. Nf3 Nc6 3. Bc4 Nf6 4. Nc3 a6 5. O-O e6 6. d3 b5 7. Bb3 g6 8. Bg5 Bg7 9. e5 h6 10. Bxf6 Bxf6 11. exf6 Qxf6 12. Ne4 Qe7 13. c4 f5 14. Nc3 b4 15. Na4 Bb7 16. Nb6 Rb8 17. Ba4 g5 18. Bxc6 Bxc6 19. Na4 Qg7 20. Nxc5 d6 21. Nxe6 Qb7 22. Qe1 Kf7 23. Ned4 g4 24. Qe6+ Kg7 25. Nxf5+ Kh7 26. Qxh6+ Kg8 1-0

[Event "Junior Online 4NCL Division 3"]
[Site "online"]
[Date "2021.02.18"]
[EventDate "2021.02.18"]
[Round "3.155"]
[White "Antonopoulos, Chris"]
[WhiteElo "1353"]
[WhiteTeam "Brentwood School B"]
[Black "Smith, Ryan S"]
[BlackElo "1769"]
[BlackTeam "KEGS A"]
[Result "0-1"]
[PlyCount "102"]

1. e4 c5 2. Nf3 g6 3. d4 cxd4 4. Nxd4 Nc6 5. Be3 Nf6 6. Nc3 Bg7 7. Bd3 O-O 8. O-O d5 9. exd5 Nxd5 10. Bc4 Nxc3 11. bxc3 Ne5 12. Bb3 Qc7 13. Qd2 Nc4 14. Bxc4 Qxc4 15. Qd3 Be6 16. Nxe6 Qxe6 17. Rfe1 Rfd8 18. Qb5 Bxc3 19. Bd2 Bxa1 20. Rxe6 fxe6 21. Qe2 Bf6 22. Qxe6+ Kg7 23. Qe2 Rd7 24. g3 Rad8 25. Be3 a6 26. Bb6 Rd1+ 27. Kg2 R8d2 28. Qf3 Rd7 29. c4 R1d2 30. Qb3 Rb2 31. Qe3 Rxa2 32. c5 Rdd2 33. c6 bxc6 34. Qf3 Rdc2 35. Bd8 Rxf2+ 36. Qxf2 Rxf2+ 37. Kxf2 Kf7 38. Bb6 Ke6 39. Ke3 Kd5 40. Kd3 c5 41. Ba5 c4+ 42. Kc2 Kc5 43. Bd8 Kb4 44. Bb6 a5 45. Be3 a4 46. Bd2+ c3 47. Be3 a3 48. Kb1 Kb3 49. Bc1 a2+ 50. Ka1 c2+ 51. Bb2 Bxb2# 0-1

[Event "Junior Online 4NCL Division 3"]
[Site "online"]
[Date "2021.02.18"]
[EventDate "2021.02.18"]
[Round "3.156"]
[White "Siddharth, Lakshan"]
[WhiteElo "1579"]
[WhiteTeam "KEGS A"]
[Black "Kriel, Daniel"]
[BlackElo "1017"]
[BlackTeam "Brentwood School B"]
[Result "1-0"]
[PlyCount "31"]

1. e4 e5 2. Nf3 Nc6 3. Bc4 Nf6 4. d4 d6 5. Bb5 Bd7 6. Nc3 a6 7. Bxc6 Bxc6 8. O-O g6 9. dxe5 dxe5 10. Nxe5 Nxe4 11. Nxc6 Nxc3 12. Qe1+ Be7 13. Nxd8 Rxd8 14. Qxc3 O-O 15. Bh6 Rfe8 16. Qg7# 1-0

[Event "Junior Online 4NCL Division 3"]
[Site "online"]
[Date "2021.02.18"]
[EventDate "2021.02.18"]
[Round "3.157"]
[White "Cheema, Dilsher"]
[WhiteElo "936"]
[WhiteTeam "Brentwood School B"]
[Black "Caves, Fraser"]
[BlackElo "1471"]
[BlackTeam "KEGS A"]
[Result "0-1"]
[PlyCount "62"]

1. e4 e5 2. Nf3 Nc6 3. Bc4 Nd4 4. Nxd4 exd4 5. O-O Bc5 6. c3 dxc3 7. Nxc3 d6 8. b3 Nf6 9. h3 a6 10. d3 b5 11. Bd5 Nxd5 12. Nxd5 c6 13. d4 cxd5 14. dxc5 dxc5 15. exd5 O-O 16. Be3 c4 17. bxc4 bxc4 18. Qf3 Bb7 19. Rfd1 c3 20. Bd4 c2 21. Rd2 Rc8 22. Rc1 Qg5 23. Be3 Qg6 24. Qd1 cxd1=Q+ 25. Rdxd1 Rxc1 26. Rxc1 Bxd5 27. f3 Qd3 28. Bc5 Rc8 29. Re1 h6 30. Bb4 Qd4+ 31. Kf1 Qxb4 0-1

[Event "Junior Online 4NCL Division 3"]
[Site "online"]
[Date "2021.02.18"]
[EventDate "2021.02.18"]
[Round "3.158"]
[White "Arun Jacob, Nigel A"]
[WhiteElo "1455"]
[WhiteTeam "KEGS A"]
[Black "Coppell, Gracie"]
[BlackElo "857"]
[BlackTeam "Brentwood School B"]
[Result "1-0"]
[PlyCount "77"]

1. d4 d5 2. c4 dxc4 3. e3 Nf6 4. Bxc4 Nc6 5. Nc3 e6 6. Nf3 Bb4 7. O-O Bxc3 8. bxc3 Ne4 9. Qc2 Ng5 10. Nxg5 Qxg5 11. e4 Qg6 12. Bd3 O-O 13. e5 Qh5 14. Rb1 b6 15. Be4 Bb7 16. Qa4 Na5 17. Bxb7 Nxb7 18. Qc6 Rab8 19. Bb2 Na5 20. Qxc7 Rb7 21. Qd6 Nc4 22. Qc6 Na5 23. Qd6 Nc4 24. Qc6 Na5 25. Qa4 Qh6 26. Ba3 Rd8 27. Bb4 Nc4 28. Rfd1 b5 29. Qa6 Rb6 30. Qxa7 g6 31. Ba5 Nxa5 32. Qxa5 Rbb8 33. Rxb5 Rxb5 34. Qxd8+ Kg7 35. Qf6+ Kg8 36. a4 Qh5 37. f3 Ra5 38. Qd8+ Kg7 39. Qxa5 1-0

[Event "Junior Online 4NCL Division 3"]
[Site "online"]
[Date "2021.02.18"]
[EventDate "2021.02.18"]
[Round "3.161"]
[White "Murthy, Rishab"]
[WhiteElo "1119"]
[WhiteTeam "Warwickshire Bears G"]
[Black "Kumar, Sanjit S"]
[BlackElo "1611"]
[BlackTeam "KCJS 2"]
[Result "0-1"]
[PlyCount "52"]

1. d4 d5 2. Nc3 Nf6 3. Bf4 e6 4. Nb5 Bd6 5. Nxd6+ cxd6 6. Nf3 Nc6 7. e3 O-O 8. Bb5 Qa5+ 9. Qd2 Qxb5 10. Bxd6 Ne4 11. Bxf8 Nxd2 12. Nxd2 Kxf8 13. O-O-O Nb4 14. a3 Na2+ 15. Kb1 Nc3+ 16. Kc1 Nxd1 17. Rxd1 Bd7 18. Nb3 Rc8 19. Rd3 Qxd3 20. c3 Rxc3+ 21. bxc3 Qxc3+ 22. Kb1 Qxb3+ 23. Kc1 Qxa3+ 24. Kd1 Ba4+ 25. Ke1 Qc1+ 26. Ke2 Qd1# 0-1

[Event "Junior Online 4NCL Division 3"]
[Site "online"]
[Date "2021.02.18"]
[EventDate "2021.02.18"]
[Round "3.162"]
[White "Soulier, Alfred"]
[WhiteElo "1647"]
[WhiteTeam "KCJS 2"]
[Black "Sagyaman, Vassily M"]
[BlackElo "1126"]
[BlackTeam "Warwickshire Bears G"]
[Result "1-0"]
[PlyCount "69"]

1. d4 d5 2. c4 e6 3. Nc3 Nf6 4. Nf3 Bb4 5. Bg5 O-O 6. e3 h6 7. Bf4 Nbd7 8. Qc2 c6 9. Bd3 Qe7 10. a3 Ba5 11. b4 Bd8 12. c5 b6 13. Bd6 Qe8 14. Bxf8 Qxf8 15. O-O bxc5 16. bxc5 Ne8 17. Rab1 Ndf6 18. Qa4 Bd7 19. Ne5 Qe7 20. Nxc6 Bxc6 21. Qxc6 Nc7 22. Nb5 Rc8 23. Nd6 Ra8 24. Rb7 Ng4 25. Rxc7 Bxc7 26. Qxa8+ Qf8 27. Qxf8+ Kxf8 28. h3 Nf6 29. Rb1 Bxd6 30. cxd6 Ke8 31. Bb5+ Kd8 32. d7 Kc7 33. Rc1+ Kd8 34. Rc8+ Ke7 35. d8=Q# 1-0

[Event "Junior Online 4NCL Division 3"]
[Site "online"]
[Date "2021.02.18"]
[EventDate "2021.02.18"]
[Round "3.163"]
[White "Gandhi, Preesh"]
[WhiteElo "1065"]
[WhiteTeam "Warwickshire Bears G"]
[Black "Patel, Zain"]
[BlackElo "1573"]
[BlackTeam "KCJS 2"]
[Result "0-1"]
[PlyCount "64"]

1. e4 c5 2. Nc3 e6 3. Nf3 Nc6 4. d3 Nf6 5. Bg5 d5 6. e5 h6 7. exf6 hxg5 8. fxg7 Bxg7 9. Qd2 g4 10. Ng1 Nd4 11. O-O-O Bh6 12. f4 gxf3 13. Qxh6 Rxh6 14. gxf3 Qf6 15. Bg2 Rxh2 16. Rxh2 Qf4+ 17. Rd2 Qxh2 18. Nh3 Nxf3 19. Bxf3 Qxh3 20. Bg2 Qe3 21. Kd1 Qg1+ 22. Ke2 Qxg2+ 23. Ke3 d4+ 24. Kf4 Qxd2+ 25. Kf3 dxc3 26. bxc3 Qxc3 27. Ke3 Qxc2 28. Ke4 f5+ 29. Ke5 Ke7 30. Kf4 Kf6 31. Kf3 Qxd3+ 32. Kf4 e5# 0-1

[Event "Junior Online 4NCL Division 3"]
[Site "online"]
[Date "2021.02.18"]
[EventDate "2021.02.18"]
[Round "3.164"]
[White "Poghosyan, Jake"]
[WhiteElo "1488"]
[WhiteTeam "KCJS 2"]
[Black "Mykhnenko, Marijka"]
[BlackElo "1027"]
[BlackTeam "Warwickshire Bears G"]
[Result "1-0"]
[PlyCount "47"]

1. Nf3 Nc6 2. d4 d5 3. c4 Nf6 4. Nc3 e6 5. Bf4 a6 6. e3 Ne7 7. Bd3 c6 8. Qb3 Bd7 9. Ne5 Ra7 10. Bg5 Bc8 11. f4 Nd7 12. Bh4 Nxe5 13. fxe5 Qd7 14. Na4 Qd8 15. Nc5 b6 16. Na4 b5 17. cxb5 axb5 18. Nc5 Qc7 19. Qc3 Bd7 20. e4 Nc8 21. exd5 cxd5 22. Nxd7 Qxd7 23. Bxb5 Qxb5 24. Qxc8# 1-0

[Event "Junior Online 4NCL Division 3"]
[Site "online"]
[Date "2021.02.18"]
[EventDate "2021.02.18"]
[Round "3.165"]
[White "Kumar, Sanjit S"]
[WhiteElo "1611"]
[WhiteTeam "KCJS 2"]
[Black "Murthy, Rishab"]
[BlackElo "1119"]
[BlackTeam "Warwickshire Bears G"]
[Result "1-0"]
[PlyCount "59"]

1. e4 e5 2. Nf3 Nc6 3. Bc4 Bc5 4. c3 Nf6 5. d4 exd4 6. cxd4 Bb4+ 7. Bd2 Bxd2+ 8. Nbxd2 O-O 9. e5 Ng4 10. h3 Nh6 11. O-O Na5 12. Bd3 Nc6 13. Ne4 Nb4 14. Bb1 d5 15. Neg5 f6 16. Nxh7 f5 17. Nhg5 Bd7 18. Re1 Re8 19. e6 Bb5 20. Qb3 Qe7 21. a3 Bc4 22. Qxb4 Qxb4 23. axb4 Re7 24. Ne5 Ree8 25. Nxc4 dxc4 26. Ba2 Rad8 27. Bxc4 Rxd4 28. Rac1 Red8 29. e7+ R8d5 30. e8=Q# 1-0

[Event "Junior Online 4NCL Division 3"]
[Site "online"]
[Date "2021.02.18"]
[EventDate "2021.02.18"]
[Round "3.166"]
[White "Sagyaman, Vassily M"]
[WhiteElo "1126"]
[WhiteTeam "Warwickshire Bears G"]
[Black "Soulier, Alfred"]
[BlackElo "1647"]
[BlackTeam "KCJS 2"]
[Result "0-1"]
[PlyCount "30"]

1. e4 c5 2. Nf3 d6 3. Bc4 Nf6 4. d3 a6 5. Nc3 b5 6. Bb3 e6 7. O-O Be7 8. Bg5 O-O 9. Qd2 Nc6 10. Rad1 Qc7 11. Rfe1 Bb7 12. Re2 Rac8 13. Rde1 Rfd8 14. d4 c4 15. d5 Na5 0-1

[Event "Junior Online 4NCL Division 3"]
[Site "online"]
[Date "2021.02.18"]
[EventDate "2021.02.18"]
[Round "3.167"]
[White "Patel, Zain"]
[WhiteElo "1573"]
[WhiteTeam "KCJS 2"]
[Black "Gandhi, Preesh"]
[BlackElo "1065"]
[BlackTeam "Warwickshire Bears G"]
[Result "1-0"]
[PlyCount "115"]

1. d4 d5 2. c4 e6 3. Nc3 Nf6 4. cxd5 exd5 5. Bg5 Nbd7 6. e3 Be7 7. Nf3 O-O 8. Be2 Ne4 9. Bxe7 Qxe7 10. Nxd5 Qd6 11. Nc3 Qb4 12. Qc2 Nxc3 13. bxc3 Qb6 14. O-O Qg6 15. Bd3 Qg4 16. Bxh7+ Kh8 17. Bf5 Qh5 18. Bxd7 Bxd7 19. Qe4 Bc6 20. Qf4 Bxf3 21. Qxf3 Qxf3 22. gxf3 Rfe8 23. Rfe1 Re6 24. e4 Rg6+ 25. Kf1 Re8 26. f4 Ree6 27. f5 Rxe4 28. Rxe4 Rf6 29. Rae1 Kh7 30. Rh4+ Rh6 31. Rxh6+ Kxh6 32. Re7 Kg5 33. Rxf7 Kf4 34. Rxg7 Kxf5 35. Rxc7 Ke6 36. Rxb7 Kd5 37. Rxa7 Kc4 38. h4 Kxc3 39. h5 Kc4 40. h6 Kxd4 41. h7 Kd5 42. h8=Q Kc6 43. Qf6+ Kb5 44. Re7 Kc5 45. Re5+ Kd4 46. Qf4+ Kd3 47. Re3+ Kd2 48. Qd4+ Kc2 49. Rc3+ Kb2 50. Qb4+ Ka1 51. Rc1+ Kxa2 52. Qb1+ Ka3 53. Rc3+ Ka4 54. Qb3+ Ka5 55. Rc5+ Ka6 56. Qb5+ Ka7 57. Rc7+ Ka8 58. Qe8# 1-0

[Event "Junior Online 4NCL Division 3"]
[Site "online"]
[Date "2021.02.18"]
[EventDate "2021.02.18"]
[Round "3.168"]
[White "Mykhnenko, Marijka"]
[WhiteElo "1027"]
[WhiteTeam "Warwickshire Bears G"]
[Black "Poghosyan, Jake"]
[BlackElo "1488"]
[BlackTeam "KCJS 2"]
[Result "1/2-1/2"]
[PlyCount "64"]

1. e4 e5 2. Nf3 Nf6 3. Nc3 Bc5 4. Bc4 Nc6 5. d3 d6 6. Bg5 Be6 7. Bd5 Bxd5 8. Nxd5 h6 9. Nxf6+ gxf6 10. Bd2 Qe7 11. Qe2 Qe6 12. Nh4 Nd4 13. Qd1 O-O-O 14. c3 Nc6 15. Qe2 Rhg8 16. Rg1 Rg4 17. Nf5 h5 18. h3 Rgg8 19. Qxh5 d5 20. Qe2 dxe4 21. dxe4 Rd7 22. c4 Rgd8 23. Bc3 Bd4 24. O-O-O Bxc3 25. Rxd7 Bxb2+ 26. Kxb2 Rxd7 27. Rc1 Nd4 28. Nxd4 Rxd4 29. f3 Qb6+ 30. Ka1 Qa5 31. Rc2 Qa4 32. h4 f5 1/2-1/2

[Event "Junior Online 4NCL Division 3"]
[Site "online"]
[Date "2021.03.04"]
[EventDate "2021.03.04"]
[Round "4.11"]
[White "Joshi, Aarav"]
[WhiteElo "1323"]
[WhiteTeam "Edgware Gambits C"]
[Black "McBrinn, Conall"]
[BlackElo "1683"]
[BlackTeam "JHJ Shark Tank 1"]
[Result "1-0"]
[PlyCount "39"]

1. e4 e6 2. d4 d5 3. e5 c5 4. c3 Qb6 5. Nf3 Nc6 6. Bd3 cxd4 7. cxd4 Bd7 8. O-O Nxd4 9. Nxd4 Qxd4 10. Nc3 Bb4 11. Nb5 Qb6 12. Qg4 g6 13. Qxb4 Kd8 14. Bg5+ Ke8 15. Nd6+ Kf8 16. Qf4 Be8 17. Bb5 h6 18. Bxe8 Qc7 19. Rac1 hxg5 20. Rxc7 1-0